000 01756nam0a22003491 4500
001 rc\2384889
005 20260408002249.0
035 _a(NLR Aleph) 006718550
090 _a5418687
_c5418687
100 _a20110829d1978 |||y0rusy50 ca
101 0 _arus
102 _aRU
105 _aa z |||||
200 1 _aНовые режимы труда и отдыха рыбаков в Северо-Западной Атлантике
_e(Социал.-гигиен. и биол. аспекты адаптации человека в Мировом океане)
_f[Ю.М. Стенько, В.В. Канеп, И.П. Шинкарев и др.]
_gПод ред. Ю.М. Стенько
210 _aРига
_cЗвайгзне
_d1978
215 _a184 с.
_cил.
_d21
300 _aАвт. указаны на обороте тит.л.
300 _aВ надзаг.: Гл. упр. Запрыба, НИИ гигиены вод. трансп. М-ва здравоохранения СССР, М-во здравоохранения ЛатвССР
320 _aБиблиогр.: с. 179-182 (3 назв.)
606 _aРыбаки
_xЗдоровье и гигиена
_2psbo
606 _aРыболовство
_xОрганизация труда
_2psbo
701 1 _aКанеп
_bВ.В.
701 1 _aШинкарев
_bИ.П.
701 1 _aСтенько
_bЮ.М.
_gЮрий Михайлович
712 0 1 _aСССР
_bГлавное управление рыбной промышленности Западного бассейна
_3RU\NLR\AUTH\8810166663
_9829258
801 1 _aRU
_bELAR
_2rusmarc
801 0 _aRU
_bNLR
_gpsbo
852 _aNLR
_j79-3/1998
899 _aRuMoRGB
_jБ 78-5/1251
899 _aRuMoRGB
_jБ 78-5/1252
942 _cBOOK
980 _aNB